| 000 | 00519nam a2200181 a 4500 | ||
|---|---|---|---|
| 001 | 3515 | ||
| 003 | CO-ViMGA | ||
| 008 | 141112s2004 ck r 000 u spa d | ||
| 040 |
_aCO-ViMGA _bspa _cCO-ViMGA |
||
| 082 | 0 | 4 | _a634.95 Z613 |
| 100 | 1 |
_aZobel, Bruce _953355 |
|
| 245 | 1 | 0 |
_aTecnicas de mejoramiento genetico de árboles forestales / _cZobel Bruce , Talbert John |
| 260 |
_aMexico : _bLimusa, _c1994 |
||
| 300 | _a545 p : il | ||
| 650 | 1 | 4 | _aARBOLES - CULTIVO |
| 650 | 1 | 4 |
_aTalbert, John _953357 |
| 942 |
_2ddc _cBK |
||
| 999 |
_c15558 _d15558 |
||